AH International Schools' Libraries

Normal view MARC view
  • Chancellorsville, Battle of, Chancellorsville, Va., 1863

Entry Topical Term

Number of records used in: 1

001 - CONTROL NUMBER

  • control field: 86051

003 - CONTROL NUMBER IDENTIFIER

  • control field: OSt

005 - DATE AND TIME OF LATEST TRANSACTION

  • control field: 20250211121126.0

008 - FIXED-LENGTH DATA ELEMENTS

  • fixed length control field: 250211|| aca||aabn | a|a d

040 ## - CATALOGING SOURCE

  • Original cataloging agency: OSt
  • Transcribing agency: OSt

150 ## - HEADING--TOPICAL TERM

  • Topical term or geographic name as entry element: Chancellorsville, Battle of, Chancellorsville, Va., 1863
  • Form subdivision: Juvenile fiction

670 ## - SOURCE DATA FOUND

  • Source citation: Work cat.: (OSt)48426: Crane, Stephen, author., The red badge of courage / , 2006.

For any Logos Library related questions please contact Miss Art at swongnarasuk@asianhope.org.

For any Asian Hope Library related questions please contact Miss Raza at graza@asianhope.org.

Powered by Koha